=LDR 00000nam 2200000 4500 =001 INLIS000000000000641 =005 20150407082057.0 =006 =007 =008 Ind =035 ##$$0010-061300000000641 =041 ##$$a Ind =082 ##$$a 92(Candra) =090 ##$$a 92(Candra) Pur k =100 ##$$a Purwadianto, Agus =245 ##$$a Kahar Candra, dokter-pengusaha dan pengabdiannya / Agus Purwadianto =260 ##$$a Jakarta $b Gramedia Pustaka Utama $c 1994 =300 ##$$a xvi, 293 hlm. : ilus. ; 23 cm =650 ##$$a Candra, Kahar =850 ##$$a NBPNMAT